01012cam a2200265 a 450000100100000000500170001000800410002704000290006808200230009710000500012024501020017025000110027226000510028330000270033449000460036150000330040765000270044065000310046783000550049891000330055391000070058604900090059395201270060299900170072900001952520200929170039.0980527s1954 ag b 001 d spa d aDO-SdBNPbspacLCdBNPHU a862.5bA749a, 19541 aArniches y Barrera, Carlos,d1866-194391556913aEl amigo Melquiades o por la boca muere el pez :bla señorita de Trevélez /cCarlos Arniches. a2a ed. aBuenos Aires :bEspasa-Calpe Argentina,c1954. a145, [16] p. ;c18 cm.1 aAustral. Violeta: teatro y poesíav1223 aIncluye índice de autores. 4aTeatro español93071 4aLiteratura española9632 0aAustral.pVioleta: teatro y poesía;v1223939559 aCatalogación derivada / LC aWM aBNGR 001054708MOaGRbGRcHDd2010-06-29iLF1l0o862.5 A749a, 1954p19525-10r2020-06-25w2020-06-25y4ZPréstamo en sala c19041d19041